000 00474nam a2200181Ia 4500
001 12700
005 20260306163000.0
008 260306t2022||||xx |||||||||||||| ||spa||
041 _aESP
082 _a985.019
_bM81
100 _aMolinié, Antoinette
_eAUT
245 0 _aEl rito y la historia:
_bla configuración de la memoria en el mundo andino
260 _c2022
300 _a457 páginas :
_c24 cm.
650 _aGEN
654 _aCHU
942 _cLIB
_dJUS
_fJUS
_2ddc
_n
999 _c12700
_d12700